Date e Segno zodiacale - Quiz n°5 - Statistics

Statistiche generali
  • Questo quiz è stato fatto 20 volte
  • Il punteggio medio è 7 su 10
Statistiche sulle risposte
Hint Risposta % Corretto
19 maggio Toro
87%
4 febbraio Aquario
80%
26 febbraio Pesci
73%
6 marzo Pesci
73%
1 aprile Ariete
67%
11 marzo Pesci
67%
18 settembre Vergine
67%
19 novembre Scorpione
60%
26 settembre Bilancia
53%
28 novembre Sagittario
47%
Nessun quiz corrispondente trovato
Distribuzione punteggi
Percentuale di utenti per punteggio
Percentile per numero di risposta
I tuoi punteggi nel tempo
Non hai fatto questo quiz